Physics of high energy density (Record no. 3896)

MARC details
000 -LEADER
fixed length control field 00758nam a2200229Ia 4500
003 - CONTROL NUMBER IDENTIFIER
control field IN-BaIIA
008 - FIXED-LENGTH DATA ELEMENTS--GENERAL INFORMATION
fixed length control field 211028s9999 xx 000 0 eng d
020 ## - INTERNATIONAL STANDARD BOOK NUMBER
International Standard Book Number 0-12-368848-5
040 ## - CATALOGING SOURCE
Transcribing agency IIA Library
080 ## - UNIVERSAL DECIMAL CLASSIFICATION NUMBER
Universal Decimal Classification number 063:53
Item number ENF-48
245 #0 - TITLE STATEMENT
Title Physics of high energy density
Remainder of title vol. 48
Statement of responsibility, etc. edited by P. Caldirola and H. Knoepfel
260 ## - PUBLICATION, DISTRIBUTION, ETC.
Place of publication, distribution, etc. New York
Name of publisher, distributor, etc. Academic Press
Date of publication, distribution, etc. 1971
300 ## - PHYSICAL DESCRIPTION
Extent xiv, 418p.
490 ## - SERIES STATEMENT
Series statement Proceedings of the international school of physics "Enrico Fermi"
650 ## - SUBJECT ADDED ENTRY--TOPICAL TERM
Topical term or geographic name entry element Astronomy and Astrophysics Thesaurus
650 ## - SUBJECT ADDED ENTRY--TOPICAL TERM
Topical term or geographic name entry element High Energy Astronomy
9 (RLIN) 5353
650 ## - SUBJECT ADDED ENTRY--TOPICAL TERM
Topical term or geographic name entry element High energy physics
9 (RLIN) 2205
650 ## - SUBJECT ADDED ENTRY--TOPICAL TERM
Topical term or geographic name entry element Nuclear Astrophysics
9 (RLIN) 2774
700 ## - ADDED ENTRY--PERSONAL NAME
Personal name Caldirola, Piero., ed.
9 (RLIN) 6935
700 ## - ADDED ENTRY--PERSONAL NAME
Personal name Knoepfel, Heinz., ed.
9 (RLIN) 6936
942 ## - ADDED ENTRY ELEMENTS (KOHA)
Koha item type Books
Holdings
Withdrawn status Lost status Damaged status Not for loan Home library Current library Shelving location Date acquired Cost, normal purchase price Total Checkouts Full call number Barcode Date last seen Cost, replacement price Price effective from Koha item type Purchase Price
        IIA Library-Bangalore IIA Library-Bangalore General Stacks 24/04/1972 168.75   063:53/ ENF-48 4351 05/11/2021 168.75 24/04/1972 Books Rs. 168.75

Powered by Koha